| 000 | 01162nam a2200277 a 4500 | ||
|---|---|---|---|
| 999 |
_c419107 _d419107 |
||
| 003 | BLK | ||
| 005 | 20250710134258.0 | ||
| 008 | 210610b bu ||||| |||| 00| 0 bu d | ||
| 020 | _a9786190107361 | ||
| 040 | _aBLK | ||
| 041 |
_aBUL _cBUL |
||
| 080 |
_aИндийска литература на английски език _b821.111(540) _x-31 _z821.111(540)-31 |
||
| 100 |
_91299 _aАнаппара, Дипа _eпърви автор |
||
| 139 |
_aАнаппара, Дипа _bА 64 |
||
| 245 |
_aДецата от Бхут базар _cДипа Анаппара ; прев. от англ. Петя Петкова |
||
| 260 |
_9210881 _aСофия _bИзток-Запад _c2020 |
||
| 300 |
_a320 с. _bс ил. _c22 см |
||
| 380 | _aX | ||
| 490 |
_9389325 _aСерия Красноглед _xC634-5425 |
||
| 700 |
_aПеткова, Петя Кръстева _d1979 - _gИндолог. Преводач от немски, от/на английски ези _9336231 |
||
| 852 | _aЦб 307845 | ||
| 852 |
_bП _c821-31/А 64 Д |
||
| 942 |
_cKNG _n0 _s1 _014 |
||
| 944 |
_aCR _c2021-06-10 _k30531 _lЦветелина Шанова |
||
| 944 |
_aED _c2021-11-04 _kГГГ |
||